Statistiques concernant Pokémon - Attaques de type Ténèbres

Cliquez ici pour prendre le quiz!

Statistiques générales

  • Ce quiz a été pris 838 fois
    (141 depuis la dernière actualisation)
  • Le résultat moyen est 18 sur 49

Statistiques - réponses

GénérationAttaque% Correct
1Morsure
95%
2Mâchouille
90%
4Vibrobscur
84%
4Tranche-Nuit
72%
3Sabotage
68%
4Coup Bas
65%
2Larcin
55%
4Trou Noir
55%
5Aboiement
50%
4Machination
50%
2Baston
48%
2Feinte
46%
3Provoc
46%
3Poursuite
43%
5Tricherie
43%
5Aiguisage
38%
5Explonuit
37%
4Représailles
37%
7Dark Lariat
35%
7Execu-Son
35%
3Tourmente
34%
4Assurance
33%
4Dégommage
33%
8Poing Obscur
33%
3Croco Larme
32%
7Arrogance
30%
6Dernier Mot
30%
3Saisie
30%
5A la Queue
29%
8Cent Rancunes
29%
4Embargo
29%
8Fureur Ardente
28%
3Souvenir
28%
7Centrifugifle
27%
5Passe-Passe
27%
4Punition
24%
8Fourbette
23%
6Furie Dimension
23%
8Blocage
22%
3Flatterie
22%
9Génusection
22%
9Cataclysme
21%
8Croque Fort
20%
7Evo-Ténébro
20%
6Renversement
20%
8Vague à Lames
15%
8Roue Libre
13%
9Crash Obscur
11%
9Vindicte
11%

Distribution des résultats

Percentile par nombre de réponses

% des personnes avec chaque résultat

Votre développement - résultats

Vous n’avez pas pris ce quiz depuis la dernière actualisation